Statistics for Capitals of Mediterranean Countries

Click here to take the quiz!

General Stats

  • This quiz has been taken 36,298 times
  • The average score is 16 of 21

Answer Stats

CountryCapital% Correct
ItalyRome
98%
SpainMadrid
96%
GreeceAthens
96%
EgyptCairo
91%
FranceParis
90%
TunisiaTunis
87%
TurkeyAnkara
84%
AlgeriaAlgiers
82%
IsraelJerusalem
81%
MonacoMonaco
80%
CroatiaZagreb
80%
LibyaTripoli
75%
MoroccoRabat
72%
AlbaniaTirana
71%
LebanonBeirut
71%
Bosnia and HerzegovinaSarajevo
71%
MaltaValletta
70%
CyprusNicosia
68%
SyriaDamascus
67%
SloveniaLjubljana
62%
MontenegroPodgorica
54%

Score Distribution

Percentile by Number Answered

Percent of People with Each Score

Your Score History

You have not taken this quiz